| 000 | 01381cam a22003618a 4500 | ||
|---|---|---|---|
| 001 | 14899195 | ||
| 005 | 20201128020713.0 | ||
| 008 | 070621s2007 nyu b 001 0 eng | ||
| 010 | _a 2007025507 | ||
| 020 | _a9781403986481 (hb : alk. paper) | ||
| 020 | _a1403986487 (hb : alk. paper) | ||
| 020 | _a9781403986498 (pbk : alk. paper) | ||
| 020 | _a1403986495 (pbk : alk. paper) | ||
| 040 |
_aDLC _cDLC _dDLC |
||
| 043 | _ae------ | ||
| 050 | 0 | 0 |
_aUA646 _b.C713 2007 |
| 082 | 0 | 0 |
_a355.03304 _222 _bCOT |
| 100 | 1 |
_aCottey, Andrew. _92808 |
|
| 245 | 1 | 0 |
_aSecurity in the new Europe / _cAndrew Cottey. |
| 260 |
_aNew York : _bPalgrave Macmillan, _c2007. |
||
| 263 | _a0710 | ||
| 300 | _ap. cm. | ||
| 500 | _aIncludes Index. | ||
| 504 | _aIncludes bibliographical references and index. | ||
| 610 | 2 | 0 |
_aEuropean Union _xMilitary policy. _92809 |
| 650 | 0 |
_aNational security _zEurope. _92810 |
|
| 651 | 0 |
_aEurope _xMilitary policy. _92811 |
|
| 856 | 4 | 2 |
_3Contributor biographical information _uhttp://www.loc.gov/catdir/enhancements/fy0730/2007025507-b.html |
| 856 | 4 | 2 |
_3Publisher description _uhttp://www.loc.gov/catdir/enhancements/fy0730/2007025507-d.html |
| 856 | 4 | 1 |
_3Table of contents only _uhttp://www.loc.gov/catdir/enhancements/fy0730/2007025507-t.html |
| 942 |
_2ddc _cNB |
||
| 999 |
_c11120 _d11120 |
||